| 000 | 01021 a2200289 4500 | ||
|---|---|---|---|
| 001 | 45042 | ||
| 005 | 20260407155725.0 | ||
| 008 | 260407a2011 arg spa d | ||
| 003 | AR-UNSa-BCEJYS | ||
| 040 |
_aAR-UNSa-BCEJYS _bspa _cAR-UNSa-BCEJYS |
||
| 080 |
_a331.5 _xMercado de Trabajo. Empleo |
||
| 245 | 1 | 0 |
_aPolíticas públicas de empleo y territorio _pInforme final del Programa de Apoyo a la Consolidación y Mejora de la Calidad del Empleo en Argentina (CEA) |
| 020 | _a978-92-2-325355-4 | ||
| 264 | 1 |
_aBuenos Aires : _bOIT _c2011 |
|
| 300 |
_a77 p. _c28 cm. |
||
| 505 | _a1. Introducción – 2. Las políticas públicas de empleos con base territorial – 3. Aportes del CEA a las políticas de empleo en Argentina. | ||
| 041 | _aspa | ||
| 942 | _cBK | ||
| 590 | _aniveau_biblio:m niveau_hierar:0 | ||
| 100 | 1 | _aLasida, Javier | |
| 700 | 1 | _aArroyo, Jorge | |
| 700 | 1 | _aAbad, Luis | |
| 700 | 1 | _aÁlamo, Florencia | |
| 700 | 1 | _aAsso, Jorge | |
| 700 | 1 | _aMatta, Andrés | |
| 700 | 1 | _aLassa, Verónica | |
| 999 |
_c3893 _d3893 |
||